00397nam a2200157Ia 4500008004100000020001500041041000800056082001600064100002300080245006800103250000600171260001900177300001100196650000900207700002300216210716s1995 xx 000 0 und d a081471868X aeng a374.22 DIAD aDiamond, Daniel E. aContemporary challenges: American business in a global economy. a1 aNew Yorkc1995 axv,136 aNone aDiamond, Daniel E.